Normal view
MARC view
- Hornblower, Horatio (Fictitious character)
Entry Topical Term
001 - CONTROL NUMBER
- control field: 7957
003 - CONTROL NUMBER IDENTIFIER
- control field: NUST
005 - DATE AND TIME OF LATEST TRANSACTION
- control field: 20180102105224.0
008 - FIXED-LENGTH DATA ELEMENTS
- fixed length control field: 180102|| aca||aabn | a|a d
040 ## - CATALOGING SOURCE
- Original cataloging agency: NUST
- Transcribing agency: NUST
150 ## - HEADING--TOPICAL TERM
- Topical term or geographic name entry element: Hornblower, Horatio (Fictitious character)
- General subdivision: Fiction.
670 ## - SOURCE DATA FOUND
- Source citation: Work cat.: (NUST)0: Forester, C. S. (Cecil Scott), 1899-1966. 7956, Flying colours /, 1986
